000 01079 a2200241 4500
001 42637
005 20260407155714.0
008 260407a2017 arg spa d
003 AR-UNSa-BCEJYS
040 _aAR-UNSa-BCEJYS
_bspa
_cAR-UNSa-BCEJYS
080 _a347.99(826.7)
_xClases de juzgados y tribunales y sus jurisdicciones (Jusgado Federal de Salta)
245 1 0 _aMemoria de la Justicia Federal de Sección de la Provincia de Salta
_p1863-2017
020 _a978-987-698-182-8
264 1 _aSalta :
_bMundo Gráfico Salta
_c2017
300 _a169 p.
_c20 cm.
505 _a1. Historía de la Justicia Federal de Salta - 2. El edificio de oficinas nacionales de Salta - 3. Actividades de gestión de la Justicia Federal de Salta - 4. Conclusiones y prospectivas para la Justicia Federal de Salta
041 _aspa
942 _cBK
590 _aniveau_biblio:m niveau_hierar:0
100 1 _aRabbi-Baldi Cabanillas, Luis Renato
700 1 _aCatalano, Mariana Inés
856 4 1 _uhttps://biblioeco.unsa.edu.ar/pmb/images/libros/L126582.jpg
_yImagen de portada
_qimage/jpeg
999 _c3632
_d3632